000 00460nam a22001937a 4500
003 MPLRDC
005 20220104143702.0
008 210129b ||||| |||| 00| 0 eng d
020 _a962-950-597-5
082 _a857.7 XMY v.307
100 _a左晴雯
245 _a理想情妇
_c
250 _a初版
260 _a
_b星河出版社
_c1999
300 _b
490 _a寻梦园系列. 307
650 _a长篇小说
942 _cBK
_o857.7 XMY v.307
999 _c42333
_d42323